000 00260nam a2200109Ia 4500
008 190913s9999||||xx |||||||||||||| ||und||
100 _aBronson Gary
245 2 _aA First Book of Java
260 _aNew York
_bPrentice Hall
_c1998
300 _a148
942 _cBK
999 _c8268
_d8268